| 000 | 01209cam a2200289 a 4500 | ||
|---|---|---|---|
| 001 | 3561708 | ||
| 003 | OSt | ||
| 005 | 20230606114400.0 | ||
| 008 | 980722s1999 nyua b 001 0 eng | ||
| 010 | _a 98035326 | ||
| 020 | _a0471179361 (cloth : alk. paper) | ||
| 040 |
_aDLC _cDLC _dDLC |
||
| 082 | 0 | 0 |
_a576.839 _bSHA |
| 100 | 1 |
_aShapiro, Robert, _d1935- |
|
| 245 | 1 | 0 |
_aPlanetary dreams : _bthe quest to discover life beyond earth / _cRobert Shapiro. |
| 260 |
_aNew York : _bJ. Wiley, _cc1999. |
||
| 300 |
_axiv, 306 p. : _bill. (some col.) ; _c24 cm. |
||
| 504 | _aIncludes bibliographical references (p. 275-298) and index. | ||
| 650 | 0 | _aLife on other planets. | |
| 650 | 0 | _aExtraterrestrial anthropology. | |
| 856 | 4 | 2 |
_3Contributor biographical information _uhttp://www.loc.gov/catdir/bios/wiley047/98035326.html |
| 856 | 4 | 2 |
_3Publisher description _uhttp://www.loc.gov/catdir/description/wiley032/98035326.html |
| 856 | 4 |
_3Table of Contents _uhttp://www.loc.gov/catdir/toc/onix02/98035326.html |
|
| 906 |
_a7 _bcbu _corignew _d1 _eocip _f19 _gy-gencatlg |
||
| 942 |
_2ddc _cBK |
||
| 999 |
_c623 _d623 |
||